000 00689nam a2200289Ia 4500
005 20260324144931.0
008 008 260324s9999 xx 000 0 eng d
020 _a9781003150749
037 _aEBOOK
040 _aCRL
040 _beng
040 _cCRL
041 _2eng
041 _aeng
084 _qCRL
100 _aMichael Frese; John Sabini
_91221142
245 0 _aGoal Directed Behavior
245 4 _bThe Concept of Action in Psychology
260 _bTaylor and Francis
260 _c1985
365 _a
365 _b230
856 _uhttp://www.taylorfrancis.com/books/9781003150749
942 _cEBOOK
999 _c1828387
_d1828387